000 01159nam a2200337 i 4500
001 66828
003 ES-MaACL
005 20240611121323.0
007 t|
008 030711s2003 sp ||||0| spa d
020 _a84-233-3514-3
040 _aM-BN
_bspa
_cM-BN
080 _a929 Laforet, Carmen
080 _a929 Sender, Ramón J
100 1 _aLaforet, Carmen,
_d1921-2004
_969515
245 1 0 _aPuedo contar contigo
_b: correspondencia /
_cCarmen Laforet, Ramón J. Sender ; edición a cargo de Israel Rolón Barada.
250 _a1ª ed.
260 _aBarcelona :
_bDestino,
_c2003.
300 _a273 p. :
_bil. ;
_c23 cm.
490 1 _aImago mundi ;
_v32
504 _aBibliografía: p. 271-273.
600 1 4 _aLaforet, Carmen,
_d1921-2004-
_vCorrespondencia
_969516
600 1 4 _aSender, Ramón J.,
_d1901-1982-
_vCorrespondencia
_9105442
700 1 _aSender, Ramón J.,
_d1901-1982
_9105441
700 1 _aRolón Barada, Israel.
_999193
830 0 0 _aImago mundi (Barcelona) ;
_v32
_9236939
852 _aES-MaACL
_jL-27319
_bR.132981
852 _aES-MaACL
_jL-27787
_bR.133391
942 _2udc
999 _c66828
_d66828